000 00435pab a2200169 454500
008 180718b2014 xxu||||| |||| 00| 0 eng d
100 _aChettri, Bishal
245 _aFinancial development and economic growth: India's experience
260 _c2014
300 _ap.151-162.
362 _aMar
650 _aEconomic growth
700 _aRajy, G. Raghavender
773 _aAsian Economic Review
908 _aN
909 _a103705
999 _c103701
_d103701